000 00662nam a2200253Ia 4500
003 OSt
005 20221005092121.0
006 a|||||r|||| 00| 0
007 ta
008 221004b |||||||| |||| 00| 0 eng d
024 _a63508
037 _cTextual
040 _aCRL
_cCRL
_beng
041 _2eng
_aeng
082 _aW, M6
100 _aDauenhauer Bernard P
_981295
245 0 _aPolitics of hope
260 _aNew York
_bRoutledge & Kegan Paul
_c1986
300 _a250p.
_ccm.
490 _aCritical social thought, 1986
650 _aPOLITICAL SCIENCE
942 _hW, M6
_cTEXL
_2cc
999 _c998371
_d998371